000 00315nam a2200133Ia 4500
008 190216s9999||||xx |||||||||||||| ||und||
100 _aEugene Yankovsky
245 0 _aFundamentals Of Quantum Mechanics
250 _a1st Ed.
260 _bMir Publishers
_c1978
300 _a367
650 _aChemistry
942 _cBK
999 _c2483
_d2483